000 00817nam a2200241 i 4500
001 bgj
100 1 _aGÖRTZ, Franz Joseph.
245 1 0 _aGünter Grass - zur Pathogenese eines Markenbildes :
_bdie Literaturkritik der Massenmedien 1959-1969 ; eine Untersuchung mit Hilfe datenverarbeitender Methoden /
_cFranz Joseph Görtz.
260 _aMaisenheim am Glan :
_bVerlag Anton Hain,
_c1978.
300 _a383 s. ;
_c21 cm.
490 1 _aHochschulschriften :
_pLiteraturwissenschaft
_v20
504 _aBibliogr. 301-314.
650 9 _aLiteratura niemiecka
830 _aHochschulschriften :
_pLiteraturwissenschaft
020 _a3445015767
040 _cBPK
041 0 _ager
044 _aDEU
080 _a821.112.2
920 _a3-445-01576-7
942 _cKS
008 s gw f |000 0 ger
999 _c50384
_d50384
856 _uhttp://koha.tu.koszalin.pl/cgi-bin/koha/opac-detail.pl?biblionumber=50384
_yKatalog online BPK